000 00598nam a2200205Ia 4500
005 20250923144836.0
008 008 250917s9999 xx 000 0 eng d
037 _aTextual
040 _aDSWL
_beng
_cDSWL
041 _aeng
_2eng
084 _aX:16.2'M9, N01
_qDSWL
100 _aNaoroji, Dadabhai
_9828981
245 0 _aPoverty and Un-British rule in India
_cby Dadabhai Naoroji
260 _aDelhi
_bGovt.Publication Division
_c1962
300 _aix,597p.
365 _aINR
_b10
925 _g10
942 _cTEXL
_hX:16.2'M9, N01
999 _c1444042
_d1444042